باب النوم و باب الأحلام / (رقم التسجيلة. 41061)

تفاصيل مارك
000 -الفاتح
عناصر البيانات ثابتة الطول 00626cam a2200181 i 4500
005 - تاريخ ووقت آخر معاملة
حقل ضبط 20251108170448.0
008 - عناصر البيانات ثابتة الطول
عناصر البيانات ثابتة الطول 250721s1990 gr 000 0 ara d
082 14 - رقم تصنيف ديوي العشري
رقم التصنيف 135
رقم المادة ك م ا
100 1# - مدخل رئيسي – اسم شخصي
الاسم الشخصي كمال، علي
علاقة الشخص بالعمل/ دوره مؤلف.
245 10 - بيان العنوان
العنوان باب النوم و باب الأحلام /
بيان المسؤولية تاليف الدكتور علي كمال.
250 ## - بيان الطبعة
بيان الطبعة الطبعة الثانية المنقحة.
264 31 - بيانات النشر، التوزيع…إلخ
مكان النشر، التوزيع...إلخ دار واسط للدراسات و النشر و التوزيع،
تاريخ النشر، التوزيع...إلخ 1990.
300 ## - الوصف المادي
عدد الوحدات المكونة للوعاء 764 صفحة.
650 17 - مدخل إضافي بالموضوع - مصطلح موضوعي
مصطلح موضوعي أو اسم جغرافي كعنصر مدخل الأحلام.
650 17 - مدخل إضافي بالموضوع - مصطلح موضوعي
مصطلح موضوعي أو اسم جغرافي كعنصر مدخل التفسير.
942 ## - بيانات إضافية (كوها)
نوع التنصيف Dewey Decimal Classification
نوع المادة (كوها) كتب
المقتنيات
حالة السحب حالة الفقدان مصدر التصنيف حالة التلف غير قابل للإعارة المكتبة الرئيسية المكتبة الحالية موقع الرف تاريخ التزويد الرقم المتسلسل Total Checkouts رقم الإستدعاء الباركود تاريخ آخر ظهور تاريخ الفاتورة نوع المادة (كوها)
    Dewey Decimal Classification     المكتبة المركزية المكتبة المركزية الإعارة 06/07/2004 467188   135 / ك م ا 467188 28/07/2025 06/07/2004 كتب
Implemented & Customized by: BBB with SCIT (Smart Chains for Information Technology)

Powered by Koha